Architektura filmového prožitku Torbena Grodala

Bibliographic Details
Main Author: Kučera, Jakub (Author)
Format: Article
Language:Slovak
Czech
ISSN:1335-1893
Subjects:

MARC

LEADER 00000nab a2200000 a 4500
001 vtls000782386
003 SK-MaSNL
005 20260304103355.0
008 250429c2001 xo 0 slo
015 |a SNBRB2002/02-03600 
035 |a CLN000134104 
035 |a urn:nbn:sk:snk-ab7dom 
035 |a (uuid)dbd27488-31b4-4c8f-9880-b01ed5c76464 
035 |a (urnnbn)urn:nbn:sk:snk:ar-a07qzb 
035 |a (sysno)vtls000782386 
040 |a SNKBUCL  |b slo  |c SNKBUCL  |e AACR2 
041 0 |a cze 
044 |a xo  |c SK 
080 |a 791.43.01:791.45.073:159.937  |2 1997 
080 |a 159.937  |2 1997 
080 |a 791.45.073  |2 1997 
100 1 |a Kučera, Jakub  |4 aut  |9 1401604 
245 1 0 |a Architektura filmového prožitku Torbena Grodala  |c Jakub Kučera 
504 |a Pozn. 
600 1 7 |a Grodal, Torben  |d 1943-  |2 snkbucl  |9 1401605 
650 0 7 |a film  |x divák  |x emócie  |2 snkbucl  |9 1401606 
650 0 7 |a fantastika filmová  |2 snkbucl  |9 910764 
655 7 |a články z novín a časopisov  |2 snkbucl  |9 267496 
773 0 |t Kino-Ikon  |g Roč. 5, č. 1 (2001), s. 60-64  |x 1335-1893 
850 |a Slovenská národná knižnica 
852 |a Slovenská národná knižnica 
954 |a odborná, vedecká literatúra cudzojazyčná (svetová)  |2 lita 
958 |a article2022 
958 |a DK 
958 |a OND 
958 |a EUIPO 
999 |c 2848784  |d 2850714